European Geography by Letter - V (Hard) - Statistics

General Stats
  • This quiz has been taken 167 times
  • The average score is 8 of 15
Answer Stats
Clue Answer % Correct
Two letters Internet country code top-level domain of the Vatican (without the .) Va
99%
Capital of Liechenstein Vaduz
93%
Large Spanish city on the Mediterranean cost Valencia
91%
Location nearby Paris where you can visit the castle of the Kings of France Versailles
89%
Italian city where Romeo & Juliet story takes place Verona
87%
Somma-stratovolcano located on the Gulf of Naples Vesuvius
82%
Longest and largest river in Poland Vistula
55%
Third largest city of Bulgaria located on the Black Sea Varna
52%
Main town on the Swedish island of Gotland Visby
33%
Municipality of Spain, part of the autonomous community of Galicia Vigo
26%
Write Ukrainian capital city in reverse order Vyik
25%
Finnish city where the Helsinki International airport is located Vantaa
21%
Spanish Low Cost Airline Vueling
21%
One of the French speaking canton of Switzerland Vaud
18%
Name of the main airport in Faroe Islands and also an island of the archipelago Vagar
6%
No matching quizzes found
Score Distribution
Percent of People with Each Score
Percentile by Number Answered
Your Score History
You have not taken this quiz